Local area networks : (Record no. 12958)

000 -LEADER
fixed length control field 00766cam a2200217 a 4500
020 ## - INTERNATIONAL STANDARD BOOK NUMBER
ISBN 0471330477
040 ## - CATALOGING SOURCE
Transcribing agency DLC
082 00 - DEWEY DECIMAL CLASSIFICATION NUMBER
Classification number 004 JWI 2000 A005 Or.
100 1# - MAIN ENTRY--AUTHOR NAME
Personal name Goldman, James E.
245 10 - TITLE STATEMENT
Title Local area networks :
Remainder of title a business-oriented approach /
250 ## - EDITION STATEMENT
Edition statement 2nd ed.
260 ## - PUBLICATION, DISTRIBUTION, ETC. (IMPRINT)
Place of publication New York :
Name of publisher J. Wiley,
Year of publication c2000.
300 ## - PHYSICAL DESCRIPTION
Number of Pages xxxiv, 894 p. :
Other physical details ill. ;
Dimensions 26 cm. +
Accompanying material 1 computer optical disc (4 3/4 in.)
650 #0 - SUBJECT ADDED ENTRY--TOPICAL TERM
Topical Term Local area networks (Computer networks)
650 #0 - SUBJECT ADDED ENTRY--TOPICAL TERM
Topical Term Client/server computing.
700 1# - ADDED ENTRY--PERSONAL NAME
Personal name Rawles, Phillip T.
856 42 - ELECTRONIC LOCATION AND ACCESS
Uniform Resource Identifier http://www.loc.gov/catdir/bios/wiley043/00267519.html
856 42 - ELECTRONIC LOCATION AND ACCESS
Uniform Resource Identifier http://www.loc.gov/catdir/description/wiley035/00267519.html
856 4# - ELECTRONIC LOCATION AND ACCESS
Uniform Resource Identifier http://www.loc.gov/catdir/toc/onix06/00267519.html
942 ## - ADDED ENTRY ELEMENTS (KOHA)
Koha item type សៀវភៅភាសាអង់គ្លេស
952 ## - LOCATION AND ITEM INFORMATION (KOHA)
Withdrawn status [LOCAL, KOHA] 0
Holdings
Permanent Location Date acquired Koha item type Lost status Shelving location Barcode Current Location Full call number
Library Block A2017-08-18សៀវភៅភាសាអង់គ្លេស A005A13594Library Block A004 JWI 2000 A005 Or.
មជ្ឈមណ្ឌលឯការនៃសាកលវិទ្យាល័យភូមិន្ទកសិកម្មចំការដូង

Powered by Koha